000
00233nam a2200121Ia 4500
100
_a
#N/A
650
_a
Computer/ IT
942
_c
BK
654
_a
internetworking
245
_a
Advanced TCP/IP
260
_b
#N/A
546
_a
ENGLISH
999
_c
28642
_d
28642